| 000 | 00547nam a2200193Ia 4500 | ||
|---|---|---|---|
| 005 | 20250326141437.0 | ||
| 008 | 250326s9999 xx 000 0 und d | ||
| 037 | _aTextbook | ||
| 040 |
_aFMSL _beng _cFMSL |
||
| 041 |
_aeng _2eng |
||
| 084 |
_aX:8F N0 _qFMSL |
||
| 100 |
_aKaplan Roberts _9744468 |
||
| 245 | 0 |
_aAdvanced Management Accounting _cKaplan Roberts; Atikinson Anthony A |
|
| 250 | _a2nd | ||
| 260 |
_aNew Delhi _bNew Delhi, Prentice Hall _c1990 |
||
| 300 | _a817p | ||
| 942 |
_cTB _hX:8F N0 |
||
| 999 |
_c1290339 _d1290339 |
||